| 000 | 00538nam a2200193Ia 4500 | ||
|---|---|---|---|
| 005 | 20250923144833.0 | ||
| 008 | 008 250917s9999 xx 000 0 eng d | ||
| 037 | _aTextual | ||
| 040 |
_aDSWL _beng _cDSWL |
||
| 041 |
_aeng _2eng |
||
| 084 |
_aYX,9m8.2'N29t, N29 _qDSWL |
||
| 245 | 0 | _aReport of the age of consent committee 1928-1929 | |
| 260 |
_aCalcutta _bGovt.of India _c1929 |
||
| 300 | _aviii,353p. | ||
| 365 |
_aINR _b8 |
||
| 925 | _g8 | ||
| 942 |
_cTEXL _hYX,9m8.2'N29t, N29 |
||
| 999 |
_c1443979 _d1443979 |
||